Loading...
| Religion | 0 | 5 | 0 | 1 | 50 | 39 | 79.80 | 2 | 4 | 0.00 | 0.00 |
| Philosophy | 0 | 4 | 0 | 0 | 40 | 16 | 66.00 | 1 | 3 | 0.00 | 0.00 |
| Social Science | 0 | 4 | 0 | 1 | 40 | 45 | 81.25 | 1 | 2 | 0.00 | 0.00 |
| History - Other | 0 | 3 | 0 | 0 | 30 | 65 | 73.33 | 0 | 3 | 0.00 | 0.00 |
| History - European | 0 | 3 | 1 | 0 | 25 | 63 | 94.33 | 0 | 1 | 0.00 | 0.00 |
| Literature - European | 0 | 2 | 0 | 0 | 20 | 114 | 124.00 | 0 | 0 | 0.00 | 0.00 |
| Fine Arts - Visual | 0 | 2 | 0 | 0 | 20 | 91 | 99.50 | 0 | 1 | 0.00 | 0.00 |
| Literature - World/Other | 0 | 2 | 0 | 0 | 20 | 82 | 112.50 | 0 | 0 | 0.00 | 0.00 |
| Other Academic | 0 | 1 | 0 | 0 | 10 | 82 | 82.00 | 0 | 0 | 0.00 | 0.00 |
| Mythology | 0 | 1 | 1 | 0 | 5 | 89 | 89.00 | 0 | 1 | 0.00 | 0.00 |
| Fine Arts - Other | 0 | 1 | 1 | 0 | 5 | 88 | 88.00 | 0 | 1 | 0.00 | 0.00 |
| History - American | 0 | 0 | 1 | 0 | -5 | 0.00 | 0 | 0 | 0.00 | 0.00 | |
| Geography/Current Events | 0 | 0 | 1 | 0 | -5 | 0.00 | 0 | 0 | 0.00 | 0.00 |